[Event "FIDE World Cup 2017"]
[Site "Tbilisi"]
[Date "2017.09.14"]
[Round "4.3"]
[White "Grischuk, Alexander"]
[Black "Vachier-Lagrave, Maxime"]
[Result "1/2-1/2"]
[WhiteElo "2788"]
[BlackElo "2804"]
[Annotator "TA"]
[PlyCount "94"]
[EventDate "2017.??.??"]
[EventType "k.o."]
[EventCountry "GEO"]
[SourceTitle "playchess.com"]
[Source "ChessBase"]
[SourceQuality "1"]

{[%evp 14,94,16,20,61,52,60,49,39,43,34,-8,-10,-9,-2,0,0,-25,0,-22,27,17,22,0,35,0,0,15,60,34,53,27,78,46,45,42,52,8,7,10,42,6,6,0,7,0,50,54,70,92,86,147,114,42,37,8,31,8,58,8,8,8,198,0,0,0,204,181,302,109,156,122,121,103,95,8,20,0,0,0,8,8,8]} 1. Nf3 c5 2. c4 Nc6 3. Nc3 e5 {[%cal Be7e5,Be5e4][%mdl 32]} 4. e3 Nf6 5. d4 e4 6. d5 {A34: Symmetrical English: 2 Nc3, lines with ...d5} exf3 7. dxc6 fxg2 (7... bxc6 8. Qxf3 d5 9. cxd5 Bg4 10. Qf4 cxd5 11. Bb5+ Bd7 12. O-O Be7 13. Qa4 {½-½ (25) Hou,Y (2652)-Vachier Lagrave,M (2795) Moscow 2017}) 8. cxd7+ {LiveBook: 5 Games} Bxd7 9. Bxg2 g6 $146 ({Predecessor:} 9... Qc7 10. Qb3 Bc6 11. Nd5 Bxd5 12. cxd5 Bd6 13. Qa4+ {0-1 (54) Suba,M (2535)-Wedberg,T (2500) Dortmund 1983}) 10. b3 Bg7 11. Bb2 O-O 12. Qd2 Qc7 13. O-O-O {[%cal Be1c1,Bc1b1,Bb1a2][%mdl 32]} Bg4 14. f3 $1 {[%cal Rf3g4]} Rad8 15. Qe2 {[#] Threatens to win with Rxd8.} Be6 16. f4 Qe7 17. Bf3 h5 18. Kb1 Bh6 19. a4 Rxd1+ 20. Rxd1 Rd8 21. Rxd8+ Qxd8 22. Ka2 Qd7 (22... b6 $11) 23. Nb5 Bg7 24. e4 Ne8 {[%cal Bf6e8,Be8g7,Bg7h5][%mdl 32]} 25. Bxg7 Nxg7 26. Nxa7 Bg4 $1 {[%cal Rg4f3]} 27. Bxg4 hxg4 28. Nb5 Nh5 29. f5 {Hoping for fxg6.} gxf5 (29... Nf4 $5 {[%cal Rf4e2]} 30. Qe3 g5 $16) 30. exf5 Qxf5 31. Nd6 Qd7 32. Qe5 b6 {[#]} 33. a5 (33. Ka3 $1 $16) 33... bxa5 $14 34. Qxc5 Ng7 35. Qd5 (35. Qe5 {with more complications.} Ne6 36. Ne4 Kf8 37. Nf6 Qd2+ 38. Qb2) 35... Ne6 36. c5 (36. Nf5 $5 {[%cal Rd5d7]} Qxd5 37. cxd5 $11) 36... Qc7 37. Qa8+ Nf8 $2 (37... Nd8 $11) 38. Qd5 $2 (38. Qe8 $18) 38... Ne6 $11 39. Qa8+ $2 (39. Qh5 $11) 39... Nf8 $18 40. Qe8 f6 (40... Qd7 $142 41. Qxd7 Nxd7) 41. b4 $2 (41. Qh5 $18 {and the rest is easy.}) 41... Qh7 42. Qe2 ({Stronger than} 42. bxa5 Qc2+ 43. Ka1 Qc1+ 44. Ka2 Qc2+ 45. Ka1 Qc1+ 46. Ka2 Qc2+ $11) 42... axb4 43. Qxg4+ Kh8 44. Kb3 (44. Qf5 $16 Qxh2+ 45. Kb3) 44... Nd7 $11 {The position is equal.} 45. Qxb4 Qd3+ 46. Kb2 {And now Qh4+ would win.} Ne5 47. Qh4+ Kg8 {Precision: White = 35%, Black = 54%.} 1/2-1/2

[Event "FIDE World Cup 2017"]
[Site "Tbilisi"]
[Date "2017.09.14"]
[Round "4.3"]
[White "Fedoseev, Vladimir"]
[Black "Rodshtein, Maxim"]
[Result "1-0"]
[WhiteElo "2731"]
[BlackElo "2695"]
[Annotator "TA"]
[PlyCount "149"]
[EventDate "2017.??.??"]
[EventType "k.o."]
[EventCountry "GEO"]
[SourceTitle "playchess.com"]
[Source "ChessBase"]
[SourceQuality "1"]

{[%evp 17,149,31,22,22,20,5,10,10,27,22,15,6,45,36,46,32,56,56,91,95,87,47,67,52,61,41,50,43,93,99,175,172,160,154,149,19,19,20,22,17,54,31,50,25,21,15,21,22,22,22,19,18,18,22,17,16,29,0,64,64,70,64,73,73,73,73,104,89,110,110,110,108,129,128,152,144,146,138,159,157,157,152,151,143,143,147,171,162,148,161,169,120,135,120,125,112,112,112,112,112,112,112,135,112,156,133,126,119,166,157,119,119,162,135,160,119,119,119,119,119,183,112,335,323,308,304,721,685,704,702,9180,8536,5453,5092]} 1. e4 e5 2. Nf3 Nc6 3. Bb5 Nf6 4. d3 Bc5 5. c3 O-O 6. O-O {C65: Ruy Lopez: Berlin Defence (3...Nf6), unusual lines and 4 0-0 Bc5} Re8 7. Bg5 {[%cal Bc1g5,Bg5h4,Bh4g3][%mdl 32]} (7. Nbd2 a6 8. Bxc6 dxc6 9. Nc4 Bg4 10. h3 Bh5 11. Bg5 b5 12. Na5 Qd7 13. Bxf6 gxf6 {0-1 (66) Caruana,F (2807)-Nakamura,H (2792) Saint Louis 2017}) 7... h6 8. Bh4 a6 9. Bxc6 dxc6 {LiveBook: 3 Games} 10. h3 Ba7 $146 ({Find the theoretical novelty and annotate with similar games:} 10... Bd6 11. Nbd2 b5 12. Re1 c5 13. a4 Bb7 {½-½ (33) Padmini,R (2454)-Shen,Y (2459) Chengdu 2015}) 11. Bg3 Nd7 12. Nbd2 {[%cal Bb1d2,Bd2f1,Bf1e3,Be3d5][%mdl 32]} b5 13. Qc2 c5 14. Rfe1 c6 15. Nf1 Qf6 16. Ne3 Nf8 17. a4 Ng6 18. axb5 cxb5 19. Nd5 Qc6 20. c4 Bb8 21. cxb5 Qxb5 22. Rec1 Be6 23. Qxc5 Qxd3 (23... Bxd5 $16 24. Qxb5 (24. Qxd5 Qxd5 25. exd5 Ne7 $16) (24. exd5 Qxc5 25. Rxc5 f6 $16) 24... axb5) 24. Qc6 $18 Ba7 25. Nc7 $1 {[%cal Rc7e8]} ({Worse is} 25. Bxe5 Nxe5 26. Nxe5 Bxf2+ 27. Kxf2 Qd4+ 28. Kf1 Qxe5 $17) 25... Rec8 26. Kh2 (26. Qa4 $1 $16) 26... Rab8 $1 $11 27. Rc3 Qe2 28. Rc2 Qd3 29. Ra3 Rb3 30. Rc3 Rxc3 31. Rxc3 Qe2 32. Rc2 Qd3 {Threatening ...Bd7.} (32... Qf1 33. Qb7 $16) 33. Rd2 Qb3 34. Nxe5 Nxe5 35. Bxe5 Bb6 36. Rc2 Kh7 37. Qc3 Bxc7 ({Black should try} 37... Qxc3 $1 $11 38. Rxc3 Bxf2) 38. Bxc7 $14 Qb7 39. Qe5 Qb3 40. Rd2 Qc4 41. Bb6 Re8 42. f3 Qb4 43. Bd4 {[%csl Gd4][%cal Re5g7]} f6 44. Bc3 {Strongly threatening Qxe6.} Qb7 45. Qf4 Qc6 46. e5 f5 47. Rd6 Qc8 48. Qa4 Bc4 49. Rc6 Bb5 50. Rxc8 {Intending Qf4 and mate.} Bxa4 $16 {[%mdl 4096] Endgame KRB-KRB} 51. Rc7 Re6 52. g4 Bc2 53. Kg3 Kg8 54. Bd4 Bb1 55. Rc1 Bd3 56. Kf4 fxg4 57. hxg4 g5+ 58. Ke3 Bb5 59. Rc7 Bc6 60. b4 Bd5 61. Bc5 Rc6 62. Ra7 Be6 63. Ke4 Bf7 64. Ra8+ Kg7 65. Kd4 Be6 66. Ra7+ Kg8 67. Re7 Bf7 68. Rd7 Be6 {[#]} (68... Bb3 $16 {might work better.} 69. Ra7 Bf7) 69. Rd8+ $1 $18 Kf7 $2 (69... Kh7 $16 70. Rb8 Kg6) 70. Rf8+ Kg7 {...Rxc5! is the strong threat.} 71. Rf6 Bd7 $2 (71... Kg8 72. Rxh6 Bd5) 72. Bf8+ {White is clearly winning.} Kg8 73. Bxh6 Rxf6 74. exf6 Bc6 {[#]} 75. Ke3 $1 {Precision: White = 71%, Black = 37%.} 1-0

[Event "FIDE World Cup 2017"]
[Site "Tbilisi"]
[Date "2017.09.14"]
[Round "4.3"]
[White "Bu, Xiangzhi"]
[Black "Svidler, Peter"]
[Result "0-1"]
[WhiteElo "2714"]
[BlackElo "2756"]
[Annotator "TA"]
[PlyCount "82"]
[EventDate "2017.??.??"]
[EventType "k.o."]
[EventCountry "GEO"]
[SourceTitle "playchess.com"]
[Source "ChessBase"]
[SourceQuality "1"]

{[%evp 16,81,27,27,19,32,24,32,27,34,34,30,58,27,24,-8,-1,-29,-30,-38,-39,-34,-32,-38,-34,-27,-27,-29,-34,-39,-40,-120,-118,-158,-156,-148,-150,-162,-188,-164,-143,-189,-174,-232,-232,-212,-119,-118,-119,-119,-119,-99,0,-105,-81,-81,-81,-74,-77,-150,-130,-130,-130,-121,-83,-579,-543,-29999]} 1. Nf3 c5 2. c4 Nc6 3. d4 cxd4 4. Nxd4 Nf6 5. Nc3 e6 6. Bf4 d5 7. e3 {A33: Symmetrical English: 2 Nf3 Nf6 3 d4 cxd4 4 Nxd4 e6 5 Nc3 Nc6} Bb4 8. Be2 O-O 9. O-O {LiveBook: 4 Games. White has an edge.} Bxc3 10. bxc3 Re8 11. Bg5 {[%cal Bf4g5,Bg5h4,Bh4g3][%mdl 32]} h6 12. Bh4 $146 ({Find the theoretical novelty and annotate with similar games:} 12. Bxf6 Qxf6 13. cxd5 exd5 14. Qb3 Rd8 {0-1 (68) So,W (2773)-Vachier Lagrave,M (2744) Baku 2015}) 12... g5 13. Bg3 Ne4 14. Qc2 e5 15. Nxc6 bxc6 16. cxd5 cxd5 17. Rfd1 Bf5 18. Qb3 Rb8 $36 {[%mdl 2048] Black has some pressure.} 19. Rxd5 Qc7 20. Qc4 Qxc4 21. Bxc4 Be6 22. Rxe5 Nxg3 ({And not} 22... Bxc4 23. Rxe4 $1 {[%mdl 512]} Rxe4 24. Bxb8 $16) 23. Rxe6 ({White should play} 23. Bb5 $15 Rxb5 24. Rxb5 Ne2+ 25. Kf1 Nxc3 26. Rc5) 23... Ne2+ $17 24. Kf1 fxe6 25. Bxe2 {[%mdl 4096] Endgame KRR-KRB} Rec8 26. Bd1 Rb2 27. Bb3 Kf7 28. Rd1 Rxc3 29. g4 (29. h3 $142) 29... Ke7 $19 30. Rd4 {[#]} a5 (30... Rc8 $1 $19 {[%cal Rc8f8] White must now prevent ...Rf8.} 31. Ra4 Rf8 32. Rxa7+ Kd6 33. Ra6+ Kc5) 31. Re4 $17 Rc6 32. Kg2 Kf6 33. Rd4 Ke7 34. Re4 $1 Rd6 35. Kg3 Kf6 36. f4 Rb1 37. Re5 {[#]} (37. h4 $142) 37... a4 $1 {[%mdl 512]} 38. Bxa4 gxf4+ 39. Kxf4 Rd3 {Strongly threatening ...Rf1+.} 40. Ra5 $2 {[%mdl 8192]} (40. Bb5 $17 {is tougher.} Rb4+ 41. Kf3) 40... Ra3 41. e4 {Now e5+ and White clings on.} Rf1# {Precision: White = 42%, Black = 63%.} 0-1

[Event "FIDE World Cup 2017"]
[Site "Tbilisi"]
[Date "2017.09.14"]
[Round "4.3"]
[White "Najer, Evgeniy"]
[Black "Rapport, Richard"]
[Result "1/2-1/2"]
[WhiteElo "2694"]
[BlackElo "2675"]
[Annotator "TA"]
[PlyCount "93"]
[EventDate "2017.??.??"]
[EventType "k.o."]
[EventCountry "GEO"]
[SourceTitle "playchess.com"]
[Source "ChessBase"]
[SourceQuality "1"]

{[%evp 15,93,42,50,46,70,55,48,24,47,39,33,39,33,11,10,1,2,3,11,12,8,8,13,10,15,5,52,36,70,72,62,-83,48,12,86,79,83,87,114,113,97,81,80,78,78,62,81,81,78,84,70,45,57,63,65,56,53,56,43,0,0,0,0,0,24,24,33,0,0,0,0,0,0,0,2,0,0,0,0,0]} 1. e4 e5 2. Nf3 Nc6 3. Bc4 Nf6 4. d3 h6 5. O-O d6 6. c3 g6 7. d4 Qe7 8. Re1 Bg7 9. Nbd2 {[%cal Bb1d2,Bd2b3,Bb3a5][%mdl 32] C55: Two Knights: 4 d3, 4 d4 exd4 5 e5 and Max Lange Attack} Nh7 (9... O-O 10. h3 Kh8 11. a4 Bd7 12. a5 a6 13. Bd3 Rae8 14. Nf1 Nh7 15. dxe5 dxe5 16. b3 Nb8 17. Ne3 Be6 18. Ba3 {1-0 (34) Radjabov,T (2710)-Amin,B (2662) Doha 2016}) 10. Bb5 $146 ({Predecessor:} 10. dxe5 dxe5 11. Nf1 Nd8 12. a4 Ng5 13. Ne3 Nde6 14. b3 Qf6 15. Nxg5 hxg5 16. Nd5 Qd8 {1-0 (56) Yilmaz,M (2362)-Biryukov,A (2138) Herceg Novi 2008}) 10... Bd7 11. Nb3 {White is slightly better.} (11. d5 $5 {[%cal Rd5c6]} Nb8 12. Bd3 $14) 11... O-O 12. Bxc6 Bxc6 13. Na5 Qe8 14. dxe5 dxe5 15. a4 Rd8 16. Qb3 b6 17. Nxc6 Qxc6 18. Qb5 Rd6 19. Be3 Rfd8 20. c4 {[%cal Bc3c4,Bc4c5][%mdl 32]} Qd7 21. c5 $1 $36 {[%cal Rc5d6][%mdl 2048] Black is under pressure.} Rd3 22. Qa6 Qc6 23. Bxh6 {[#]} (23. a5 $14 {stays ahead.}) 23... Qxc5 (23... Rxf3 $1 $17 24. Bxg7 Kxg7 25. gxf3 Ng5) 24. Rac1 Qb4 (24... Qe7 $11 25. Be3 (25. Bxg7 Kxg7 26. Qxa7 Rxf3 $17) 25... c5) 25. Bxg7 $16 Kxg7 26. Nxe5 R3d6 27. Qxa7 Ng5 28. h4 Ne6 29. Qa6 Rh8 30. g3 Rh5 31. Nd3 Qd4 32. Re3 Ra5 33. Qb7 {Black must now prevent b3.} Rxa4 34. e5 Qd5 35. Qxd5 Rxd5 36. Rc6 Rad4 37. Nf4 (37. Ne1 {feels hotter.} Rb5 38. b3 Rd1 39. Kg2 Rb1 40. Rcc3) 37... Nxf4 38. gxf4 Rxf4 39. Rxc7 $11 {[%mdl 4096] Endgame And now e6 would win. KRR-KRR} Kh6 40. Kg2 Rf5 41. Re7 Rd4 {The position is equal.} 42. Kg3 Kh5 43. f3 {Strongly threatening Re4.} Rxh4 44. Rb3 Rhf4 45. e6 (45. Rxf7 $5 Rxf7 46. e6 $11) 45... fxe6 46. Rxe6 b5 47. Ree3 {Precision: White = 53%, Black = 53%.} 1/2-1/2

[Event "FIDE World Cup 2017"]
[Site "Tbilisi"]
[Date "2017.09.14"]
[Round "4.4"]
[White "Vachier-Lagrave, Maxime"]
[Black "Grischuk, Alexander"]
[Result "1/2-1/2"]
[WhiteElo "2804"]
[BlackElo "2788"]
[Annotator "TA"]
[PlyCount "52"]
[EventDate "2017.??.??"]
[EventType "k.o."]
[EventCountry "GEO"]
[SourceTitle "playchess.com"]
[Source "ChessBase"]
[SourceQuality "1"]

{[%evp 16,52,27,13,16,12,13,0,0,0,16,0,47,-3,40,34,33,33,47,51,50,43,33,37,50,44,37,30,26,39,35,32,55,43,33,0,39,0,64]} 1. e4 e5 2. Nf3 Nc6 3. Bc4 Bc5 4. O-O Nf6 5. d3 d6 6. c3 a6 7. a4 h6 8. Re1 {C54: Giuoco Piano: 4 c3 Nf6, main lines with 5 d4 and 5 d3} O-O 9. h3 {LiveBook: 56 Games} (9. b4 $5 {[%cal Rb4c5]} Ba7 10. Nbd2 $11) 9... a5 (9... Re8 10. Nbd2 Be6 11. Bxe6 Rxe6 12. b4 Ba7 13. Qc2 Qd7 14. Nf1 d5 15. Be3 Bxe3 16. Nxe3 {1-0 (41) Anand,V (2786)-So,W (2812) Leuven 2017}) 10. Nbd2 Be6 11. Bb5 $146 Ne7 12. d4 exd4 13. Nxd4 Ng6 14. N2f3 c6 15. Nxe6 fxe6 16. Bc4 d5 17. exd5 exd5 18. Bd3 Ne4 19. Be3 $1 {[%cal Re3c5]} Bxe3 20. Rxe3 Nf4 21. Bxe4 dxe4 22. Rxe4 Qf6 {White should prevent ...Qg6.} 23. Re3 Nd5 24. Re1 Nf4 25. Re3 Nd5 $1 {[%cal Rd5e3]} 26. Re1 Nf4 $1 {Precision: White = 60%, Black = 88%.} 1/2-1/2

[Event "FIDE World Cup 2017"]
[Site "Tbilisi"]
[Date "2017.09.14"]
[Round "4.4"]
[White "Svidler, Peter"]
[Black "Bu, Xiangzhi"]
[Result "1-0"]
[WhiteElo "2756"]
[BlackElo "2714"]
[Annotator "TA"]
[PlyCount "71"]
[EventDate "2017.??.??"]
[EventType "k.o."]
[EventCountry "GEO"]
[SourceTitle "playchess.com"]
[Source "ChessBase"]
[SourceQuality "1"]

{[%evp 9,71,45,72,76,91,76,86,86,104,90,224,230,219,223,289,300,527,515,767,758,734,602,585,600,599,597,589,611,617,621,616,597,568,409,375,324,313,320,350,283,353,343,355,306,413,337,412,400,394,399,421,418,420,417,409,408,435,408,430,418,433,417,454,451]} 1. Nf3 f5 2. d3 d6 3. e4 e5 4. Nc3 Be7 (4... Nf6 5. exf5 Bxf5 6. d4 e4 7. Nh4 Bg4 8. Be2 Bxe2 9. Qxe2 d5 10. Bg5 Bb4 11. O-O O-O 12. Nf5 Nc6 {½-½ (36) Grischuk,A (2783)-Ponomariov,R (2731) Beijing 2013}) 5. d4 fxe4 6. Nxe4 {A04: Unusual lines after 1 Nf3 and King's Indian Attack} d5 7. Neg5 $146 ({Predecessor:} 7. Nxe5 dxe4 8. Bc4 Nf6 9. Nf7 Bg4 10. f3 exf3 11. gxf3 Bb4+ 12. c3 {1-0 (28) Borik,O (2415)-Renner,C (2437) Germany 1999}) 7... exd4 8. Bd3 {White is better.} Qd6 9. Nxd4 c5 {[#]} (9... Nf6 $16) 10. Nb5 $1 $18 {[%cal Rb5d6]} Qe5+ 11. Be3 {aiming for Nf3.} Na6 12. O-O {Black must now prevent Re1.} ({Inferior is} 12. Nxh7 Bf5 $11) 12... Nf6 $2 (12... Bxg5 13. Qh5+ Kf8) 13. Re1 Bg4 14. Qd2 Ne4 15. Nxe4 dxe4 16. Bf4 Qf6 17. Rxe4 O-O 18. Rae1 Rad8 19. Rxe7 Qxf4 20. Qxf4 Rxf4 21. Rxb7 Nb4 22. f3 Nxd3 23. cxd3 Bf5 24. Ree7 ({Don't take} 24. Rxa7 Bxd3 25. Nc3 Rf7 $18) 24... Bxd3 25. Rxg7+ Kh8 26. Rgc7 Bg6 27. h3 Rb4 28. Nxa7 Rxb7 29. Rxb7 {[%mdl 4096] Endgame KRB-KRN} Rd1+ 30. Kh2 Bd3 31. Rd7 c4 32. Nc6 Rb1 33. Ne5 Bf1 34. Rd2 Ra1 35. a3 Ra2 36. Rf2 {Precision: White = 97%, Black = 53%.} 1-0

[Event "FIDE World Cup 2017"]
[Site "Tbilisi"]
[Date "2017.09.14"]
[Round "4.4"]
[White "Jobava, Baadur"]
[Black "So, Wesley"]
[Result "1/2-1/2"]
[WhiteElo "2702"]
[BlackElo "2792"]
[Annotator "TA"]
[PlyCount "81"]
[EventDate "2017.??.??"]
[EventType "k.o."]
[EventCountry "GEO"]
[SourceTitle "playchess.com"]
[Source "ChessBase"]
[SourceQuality "1"]

{[%evp 17,81,9,10,23,29,20,55,0,-7,-20,0,-32,-5,-54,-52,-54,-48,-54,-54,-46,-51,-55,-49,-50,-49,-52,-47,-71,-67,-80,-31,-135,-132,-145,-122,-136,-150,-145,-144,-148,-143,-160,-104,-82,-88,-78,-77,-148,-121,-121,-110,-102,-107,-105,-47,-56,-64,-64,-64,-59,0,-60,0,-60,0,-53]} 1. e4 e5 2. Nf3 Nf6 3. Nxe5 d6 4. Nf3 Nxe4 5. Nc3 Nxc3 6. dxc3 Be7 7. Be3 O-O 8. Qd2 {C42: Petroff Defence: 3 Nxe5 and unusual White 3rd moves} (8. Bd3 Nc6 9. Qe2 Bg4 10. h3 Bxf3 11. Qxf3 Ne5 12. Qxb7 Rb8 13. Qxa7 Rxb2 14. O-O Bf6 15. a4 Qc8 {½-½ (39) Anand,V (2783)-So,W (2810) Leon 2017}) 8... Nd7 {[%cal Bb8d7,Bd7e5,Be5d3][%mdl 32]} 9. O-O-O c6 {LiveBook: 31 Games} 10. Bd3 Qa5 11. a3 $146 ({Predecessor:} 11. Kb1 Ne5 12. Nxe5 dxe5 13. Bc4 b5 14. Bb3 b4 15. cxb4 Bxb4 {1-0 (36) Kassay,K (2072)-Kovacs,M (2141) Hungary 2015}) 11... Ne5 12. h4 ({Better is} 12. Nxe5 $14 dxe5 13. Kb1) 12... Nxd3+ $11 13. Qxd3 Bf5 14. Qd4 Rfe8 15. g4 Bf6 16. Qf4 Be4 17. Rxd6 Qa4 {[%csl Ge4][%cal Ra4c2] [#]} 18. Rd3 $1 {[%mdl 512]} b5 $40 {[%mdl 128] ...b4 is the strong threat. White needs to defend precisely.} (18... Bxd3 19. Qxa4) 19. g5 Bxd3 {[%csl Gd3][%cal Ra4c2]} 20. Qxa4 bxa4 21. cxd3 Bd8 22. Nd2 Bb6 23. Ne4 Re5 24. Rg1 (24. Bd2 $1 $15) 24... Bxe3+ $17 25. fxe3 {[%mdl 4096] Endgame [#] KRR-KRN} Rf5 $1 26. Rg4 Rf3 27. Nc5 Rxe3 28. Rxa4 Re2 29. Ra6 {[#]} f5 (29... Rh2 $142 $1 30. Rxc6 Rxh4) 30. gxf6 gxf6 31. Rxc6 f5 32. Nd7 (32. Rf6 $142) 32... Rd8 33. Nf6+ Kf7 34. Nxh7 Rxd3 35. Ng5+ Ke7 (35... Ke8 $17 36. Rc4 Rg3) 36. Ra6 $1 $15 f4 {Threatens to win with ...Rg3.} 37. Rxa7+ Ke8 {Hoping for ...f3.} 38. Ra8+ $1 Ke7 {[%mdl 1024] White must now prevent ...Rg3. Black has compensation.} 39. Ra7+ Ke8 {aiming for ...f3.} 40. Ra8+ $1 Ke7 {And now ...Rg3 would win.} 41. Ra7+ {Precision: White = 41%, Black = 64%.} 1/2-1/2

[Event "FIDE World Cup 2017"]
[Site "Tbilisi"]
[Date "2017.09.14"]
[Round "4.4"]
[White "Rodshtein, Maxim"]
[Black "Fedoseev, Vladimir"]
[Result "0-1"]
[WhiteElo "2695"]
[BlackElo "2731"]
[Annotator "TA"]
[PlyCount "86"]
[EventDate "2017.??.??"]
[EventType "k.o."]
[EventCountry "GEO"]
[SourceTitle "playchess.com"]
[Source "ChessBase"]
[SourceQuality "1"]

{[%evp 15,86,-22,-22,-60,-14,0,-8,-61,32,30,29,-22,40,21,22,18,61,15,50,50,169,39,55,0,58,4,11,0,22,8,75,13,17,0,0,-17,10,0,12,0,50,29,49,45,32,31,28,-88,35,0,177,16,173,0,0,-80,-90,-298,-217,-213,0,0,0,0,0,0,-14,-281,-221,-797,-643,-961,-925]} 1. d4 d5 2. c4 e6 3. Nf3 Nf6 4. g3 Bb4+ 5. Nbd2 dxc4 6. Bg2 b5 {E04: Open Catalan: 5 Nf3} 7. O-O a5 8. a4 c6 {LiveBook: 9 Games. The position is equal.} 9. Ne1 (9. Qc2 O-O 10. b3 c3 11. Nb1 bxa4 12. bxa4 Bb7 13. Nxc3 c5 14. dxc5 Nbd7 15. Rd1 Qe7 16. Nb5 {½-½ (16) Yu,Y (2749)-Yilmaz,M (2630) Khanty-Mansiysk 2017}) 9... Nd5 $146 ({Predecessor:} 9... Ra6 10. Nc2 Be7 11. e4 O-O 12. e5 Nd5 13. Ne4 Nd7 14. Qg4 f5 15. exf6 {½-½ (15) Papaioannou,I (2624)-Vidit,S (2563) Vrachati 2013}) 10. e4 {[%cal Be2e4,Be4e5][%mdl 32]} Nb6 11. Nc2 ({White should try} 11. Qg4 $11 Qxd4 12. Ndf3) 11... bxa4 (11... c3 $15 12. Nf3 cxb2 13. Bxb2 bxa4) 12. e5 $1 $14 Be7 13. Qg4 (13. Ne4 $142) 13... g6 (13... Kf8 $1 $11) 14. Ne4 {[%mdl 1024] White has compensation.} h5 15. Qf3 h4 16. Rd1 Ba6 17. Ne3 Rh5 (17... Kf8 $14) 18. g4 (18. Ng4 $18 Rf5 19. Ngf6+ Bxf6 20. Nxf6+ Qxf6 21. exf6 Rxf3 22. Bxf3) 18... Rh7 19. g5 (19. Bd2 $14) 19... N8d7 (19... Bb5 $1 $11) 20. Ng4 (20. Nf6+ $14 Bxf6 21. gxf6 (21. exf6 h3 $14)) 20... Bb5 $1 $11 21. Bh3 Rh8 22. Nh6 {[%csl Gh6][%cal Rf3f7] [#]} Rf8 (22... Rh7 $11 {keeps the balance.}) 23. Qg4 (23. Re1 $16) 23... Qc7 $1 24. Qxh4 {And now Nxf7! would win.} O-O-O $1 25. Bd2 Nd5 26. Qg3 Qb6 27. Bc3 c5 28. Bg2 Nxc3 29. bxc3 cxd4 30. cxd4 {[%cal Bc3d4,Bd4d5][%mdl 32]} Nb8 31. Nc3 (31. Qg4 $11 {remains equal.}) 31... Bb4 (31... Rxd4 $17 32. Rxd4 Qxd4) 32. d5 a3 $2 (32... Bxc3 $11 {and Black stays safe.} 33. Qxc3 exd5) 33. Rdc1 $2 ({Better is} 33. Nxb5 $18 Qxb5 34. d6) 33... Ba6 $2 {[#]} (33... Bxc3 $11 34. Qxc3 exd5) 34. Rab1 $2 (34. Na4 $1 $18 {[%cal Ra4b6]} Qd4 35. d6) 34... Nd7 35. Bf1 (35. Na4 $11 Qb5 36. Nc3) 35... Nc5 $36 {[%mdl 2048] Keeping White busy.} 36. Qf3 $2 (36. Ng4 $17) 36... exd5 37. Nxd5 Rxd5 $2 (37... Qb7 $19 38. Bg2 a2) 38. Qxd5 $11 Bb7 39. Qxc4 Qc6 {[%csl Gb7][%cal Rc6h1]} 40. Qg4+ Kb8 {[%csl Gb7][%cal Rc6h1]} 41. f3 $2 {[%mdl 8192]} (41. Bg2 $11 Qxg2+ 42. Qxg2 Bxg2 43. Kxg2) 41... Qd5 42. Bg2 $2 (42. Bc4 Qxe5 43. Qg3 Qxg3+ 44. hxg3) 42... Nb3 43. Rd1 a2 {Precision: White = 14%, Black = 44%.} 0-1

[Event "FIDE World Cup 2017"]
[Site "Tbilisi"]
[Date "2017.09.14"]
[Round "4.4"]
[White "Rapport, Richard"]
[Black "Najer, Evgeniy"]
[Result "1-0"]
[WhiteElo "2675"]
[BlackElo "2694"]
[Annotator "TA"]
[PlyCount "99"]
[EventDate "2017.??.??"]
[EventType "k.o."]
[EventCountry "GEO"]
[SourceTitle "playchess.com"]
[Source "ChessBase"]
[SourceQuality "1"]

{[%evp 9,99,16,12,22,24,26,29,0,0,-29,-19,-19,-16,-25,18,18,22,8,29,30,15,19,70,45,41,0,86,60,68,71,61,0,0,0,129,120,131,62,81,0,127,31,25,41,32,35,37,53,43,58,68,36,50,36,59,36,36,36,36,36,36,36,36,36,36,36,70,68,61,36,127,121,110,92,100,95,93,71,114,79,187,0,240,235,998,998,858,969,4578,4368,29988,29989]} 1. Nf3 d5 2. c4 d4 3. b4 Bg4 4. g3 Bxf3 5. exf3 e5 (5... e6 6. Qb3 a5 7. b5 Nd7 8. Bg2 Nc5 9. Qc2 h5 10. d3 h4 11. f4 Nh6 {½-½ (40) Caruana,F (2807)-Anand,V (2783) Saint Louis 2017}) 6. Bg2 {A09: Réti Opening: 1 Nf3 d5 2 c4} Nd7 7. a3 a5 $146 ({Predecessor:} 7... Ne7 8. d3 Ng6 9. O-O Be7 10. f4 exf4 11. Bxb7 Rb8 {0-1 (48) Injac,T (2215)-Ratkovic,M (2382) Paracin 2016}) 8. b5 {White has an edge.} Bd6 9. f4 exf4 10. Bxb7 Rb8 11. Bg2 Ngf6 12. d3 Qe7+ 13. Kf1 Nc5 14. Bc6+ Kf8 15. Ra2 Nfd7 (15... Qe6 $11) 16. gxf4 Qf6 17. Nd2 (17. Bxd7 $5 Nxd7 18. Nd2 $11) 17... Qxf4 (17... Bxf4 $11 {keeps the balance.} 18. Bxd7 Nxd7) 18. Ne4 Qf5 19. h4 h5 20. Bg5 ({Reject} 20. Nxd6 $6 cxd6 21. Bxd7 Nxd7 $11) (20. Re2 $14) 20... Ne5 $11 21. Nxc5 Bxc5 (21... Nxc6 $11 22. Na6 Ra8) 22. Be4 $16 Qe6 23. Bd5 (23. Re2 $16) 23... Qf5 $14 24. Be4 Qe6 $1 25. f3 ({Better is} 25. Re2 $16) 25... Rxb5 26. Bd5 Qd6 27. Bxf7 Rb7 28. Bd5 c6 29. Be4 Bxa3 30. Qa4 Bb4 31. f4 Rf7 32. Kg2 Ng4 33. Qxc6 $40 {[%mdl 128] White is up to no good.} Qxc6 34. Bxc6 Ne3+ 35. Kf3 {Strongly threatening Be4.} g6 $1 36. Be4 Kg7 37. c5 {[%cal Bc4c5,Bc5c6][%mdl 32]} Ng4 38. c6 Rc8 39. Rc1 Bc3 (39... Ne3 $14) 40. Bd5 $16 Ne5+ 41. Ke2 Nxc6 42. Bxf7 Kxf7 {[#]} 43. Rb1 $1 Re8+ 44. Kf1 Re3 (44... Bb4 $16) 45. Rb6 $2 ({White should play} 45. Rb7+ $18 Kf8 46. Rf2) 45... Nb4 $2 {[#]} (45... Re1+ $1 $11 {and Black stays safe.} 46. Kg2 Nb4 47. Rb7+ (47. Rxa5 Re2+ 48. Kf1 Re1+ 49. Kg2 Re2+ 50. Kf1 Re1+ 51. Kg2 $11) 47... Kg8 48. Rb8+ Kf7 49. Rb7+ (49. Rxa5 Re2+ 50. Kh1 Re1+ 51. Kg2 Re2+ 52. Kf3 Re3+ 53. Kg2 Re2+ $11) 49... Kg8 50. Rxa5 Re2+ 51. Kh3 Re3+ 52. Kg2 Re2+ 53. Kh3 Re3+ 54. Kg2 Re2+) 46. Re2 $1 $18 {And now f5! would win.} ({Weaker is} 46. Rxa5 Re1+ 47. Kg2 Re2+ 48. Kf3 Re3+ 49. Kg2 Re2+ 50. Kf3 Re3+ 51. Kg2 Re2+ $11) 46... Nxd3 $2 {[#]} (46... Nd5 47. Rb7+ Kg8) 47. f5 $1 {[%cal Bf4f5,Bf5g6][%mdl 544]} Rxe2 (47... gxf5 48. Bxe3) 48. fxg6+ ({Not} 48. Kxe2 Ne5 $16) 48... Kg7 49. Kxe2 Nc1+ 50. Bxc1 {Precision: White = 59%, Black = 42%.} 1-0